| Tag |
First Indicator |
Second Indicator |
Subfields |
| LEADER |
00000cam a22000007i 4500 |
| 001 |
in00005772983 |
| 005 |
20260327175720.1 |
| 006 |
m o d |
| 007 |
cr cnu---unuuu |
| 008 |
240403s2024 ne o 000 0 eng d |
| 040 |
|
|
|a YDX
|b eng
|e rda
|c YDX
|d OCLCO
|d OPELS
|d OCLCO
|d EBLCP
|d YDX
|d OCLCQ
|d UKAHL
|d N$T
|d SFB
|d SXB
|d OCLCQ
|d OCLCL
|
| 019 |
|
|
|a 1428258710
|a 1431136376
|a 1431895415
|
| 020 |
|
|
|a 9780443241284
|q electronic book
|
| 020 |
|
|
|a 0443241287
|q electronic book
|
| 020 |
|
|
|z 9780443241277
|
| 020 |
|
|
|z 0443241279
|
| 035 |
|
|
|a (OCoLC)1428442002
|z (OCoLC)1428258710
|z (OCoLC)1431136376
|z (OCoLC)1431895415
|
| 050 |
|
4 |
|a TN870.5
|b .T53 2024
|
| 082 |
0 |
4 |
|a 553.2/8
|2 23/eng/20240409
|
| 049 |
|
|
|a TXAM
|
| 100 |
1 |
|
|a Tiab, Djebbar.
|
| 245 |
1 |
0 |
|a Petrophysics :
|b theory and practice of measuring reservoir rock and fluid transport properties.
|
| 250 |
|
|
|a 5th edition.
|
| 264 |
|
1 |
|a Amsterdam, Netherlands ;
|a Cambridge, MA :
|b Elsevier,
|c 2024.
|
| 300 |
|
|
|a 1 online resource
|
| 336 |
|
|
|a text
|b txt
|2 rdacontent
|
| 337 |
|
|
|a computer
|b c
|2 rdamedia
|
| 338 |
|
|
|a online resource
|b cr
|2 rdacarrier
|
| 505 |
0 |
|
|a Front Cover -- PETROPHYSICS -- PETROPHYSICS: THEORY AND PRACTICE OF MEASURING RESERVOIR ROCK AND FLUID TRANSPORT PROPERTIES -- Copyright -- Dedication -- Contents -- Preface: Fifth Edition of Petrophysics -- Acknowledgments -- About the Authors -- Units -- 1 -- MINERALS AND SEDIMENTARY ROCKS -- MINERAL CONSTITUENTS OF ROCKS: A REVIEW -- IGNEOUS ROCKS -- METAMORPHIC ROCKS -- SEDIMENTARY ROCKS -- Clays -- Shale -- Siltstones (Mud-Rocks) -- Sandstones -- Carbonates -- Evaporites -- PROPERTIES OF SEDIMENTARY PARTICLES -- DEVELOPMENT AND USE OF PETROPHYSICS -- PROBLEMS -- GLOSSARY -- REFERENCES
|
| 505 |
8 |
|
|a 2 -- INTRODUCTION TO PETROLEUM GEOLOGY -- REVIEW OF COMPOSITION OF THE GLOBE -- PLATE TECTONICS -- GEOLOGIC TIME -- SEDIMENTARY GEOLOGY -- BASINS -- DIVERGENT CONTINENTAL MARGINS -- CONVERGENT CONTINENTAL MARGINS -- TRANSFORM CONTINENTAL MARGINS -- TRANSGRESSIVE-REGRESSIVE CYCLES -- ACCUMULATION OF SEDIMENTS -- HYDROCARBON TRAPS -- ORIGIN OF PETROLEUM -- TRANSFORMATION OF ORGANICS INTO KEROGEN -- TRANSFORMATION OF KEROGEN INTO OIL AND GAS -- MIGRATION AND ACCUMULATION OF PETROLEUM -- PRIMARY MIGRATION -- SECONDARY MIGRATION -- PROPERTIES OF SUBSURFACE FLUIDS -- HYDROSTATIC PRESSURE GRADIENT
|
| 505 |
8 |
|
|a LITHOSTATIC PRESSURE GRADIENT -- GEOTHERMAL GRADIENT -- OILFIELD WATERS -- COMPRESSIBILITY -- GAS SOLUBILITY -- VISCOSITY -- PETROLEUM FLUIDS -- bksec2_15 -- GAS DENSITY -- VISCOSITY OF GASES -- OIL DENSITY -- OIL VISCOSITY -- PETROLEUM CHEMISTRY -- PETROLEUM ENGINEERING -- PRECARBON EMISSION CONCERNS -- POSTCARBON EMISSION CONCERNS -- PROBLEMS -- REFERENCES -- 3 -- POROSITY AND PERMEABILITY -- INTRODUCTION -- POROSITY -- FACTORS GOVERNING THE MAGNITUDE OF POROSITY -- ENGINEERING CLASSIFICATION OF POROSITY -- GEOLOGICAL CLASSIFICATION OF POROSITY -- PRIMARY POROSITY -- SECONDARY POROSITY
|
| 505 |
8 |
|
|a VISUAL DESCRIPTION OF POROSITY IN CARBONATE ROCKS -- FLUID SATURATION -- QUANTITATIVE USE OF POROSITY -- PERMEABILITY -- CLASSIFICATION OF PERMEABILITY -- FACTORS AFFECTING THE MAGNITUDE OF PERMEABILITY -- PERMEABILITY-POROSITY RELATIONSHIPS -- KOZENY CORRELATION -- CONCEPT OF FLOW UNITS -- MATHEMATICAL THEORY OF FLOW UNITS -- SPECIFIC SURFACE AREA -- FLOW UNIT CHARACTERIZATION FACTORS -- FZI FROM CONVENTIONAL LOGS IN TIGHT GAS FORMATIONS -- CALCULATION OF FZI BY ACE ALGORITHM -- FLOW UNITS FUNCTIONS -- RESERVOIR ZONATION USING NORMALIZED RQI -- EFFECT OF PACKING ON PERMEABILITY
|
| 505 |
8 |
|
|a EFFECT OF WATER SATURATION ON PERMEABILITY -- PERMEABILITY FROM NMR -- PERMEABILITY FROM GR LOGS -- PERMEABILITY-POROSITY RELATIONSHIPS IN CARBONATE ROCKS -- ESTIMATING PERMEABILITY IN CARBONATE ROCKS -- NET-PAY CUTOFFS IN CLASTIC VERSUS CARBONATE FORMATIONS -- CLASTIC FORMATIONS -- CARBONATE FORMATIONS -- HCPT (OR R10) METHOD -- DIRECTIONAL PERMEABILITY -- ANISOTROPY -- RELATIONSHIP BETWEEN KH AND KV -- CLEAN SANDSTONE FORMATIONS -- SHALY SANDSTONE FORMATIONS -- FIELD EXAMPLE -- RESERVOIR HETEROGENEITY -- MICROSCOPIC HETEROGENEITY -- MACROSCOPIC HETEROGENEITY -- MESOSCOPIC HETEROGENEITY
|
| 520 |
|
|
|a This book, 'Theory and Practice of Measuring Reservoir Rock and Fluid Transport Properties', authored by Djebbar Tiab and Erle C. Donaldson, serves as a comprehensive guide to the methodologies and principles involved in evaluating reservoir rocks and fluid dynamics within petroleum engineering. The fifth edition provides in-depth discussions on petrophysics, covering topics such as minerals, sedimentary rocks, porosity, permeability, wettability, fluid interactions, and the effects of stress on reservoir properties. It also addresses advanced concepts like fracture analysis, capillary pressure, and well logging. The book is intended for professionals and researchers in the field of petroleum engineering, aiming to enhance their understanding of reservoir characterization and to improve practices in oil recovery and reservoir management.
|
| 650 |
|
0 |
|a Petroleum
|x Geology.
|
| 650 |
|
0 |
|a Physical geology.
|
| 650 |
|
0 |
|a Geophysics.
|
| 650 |
|
6 |
|a Pétrole
|x Géologie.
|
| 650 |
|
6 |
|a Géologie physique.
|
| 650 |
|
6 |
|a Géophysique.
|
| 650 |
|
7 |
|a geophysics.
|2 aat
|
| 655 |
|
7 |
|a Electronic books.
|2 local
|
| 700 |
1 |
|
|a Donaldson, Erle C.
|
| 710 |
2 |
|
|a ScienceDirect (Online service)
|
| 776 |
0 |
8 |
|c Original
|z 0443241279
|z 9780443241277
|w (OCoLC)1416124375
|
| 856 |
4 |
0 |
|u http://proxy.library.tamu.edu/login?url=https://www.sciencedirect.com/science/book/9780443241277
|z Connect to the full text of this electronic book
|t 0
|
| 955 |
|
|
|a Elsevier ScienceDirect 2026-2027
|
| 955 |
|
|
|a Knovel ebooks
|
| 994 |
|
|
|a 92
|b TXA
|
| 999 |
f |
f |
|i 8c8bb470-404a-4a94-9cc7-6f9c108382bd
|s ab3c7102-e05d-48a2-acc9-91f7490ae93d
|t 0
|
| 952 |
f |
f |
|a Texas A&M University
|b College Station
|c Electronic Resources
|s www_evans
|d Available Online
|t 0
|e TN870.5 .T53 2024
|h Library of Congress classification
|
| 998 |
f |
f |
|a TN870.5 .T53 2024
|t 0
|l Available Online
|